| 000 | 00417pam a2200157a 44500 | ||
|---|---|---|---|
| 008 | 230515b2007 xxu||||| |||| 00| 0 eng d | ||
| 020 | _a1-55297-721-8 | ||
| 041 | _aENGLISH | ||
| 082 | _a932.012 | ||
| 100 | _aJACKSON K.& STAMP J. | ||
| 245 | _a"BUULDING THE GREAT PYRAMID ,PYRAMIDS-EGYPT CIVILIZATION" | ||
| 250 | _a2003 | ||
| 260 |
_aTORONTO _bFIVE STANS CENTRE PRIZES _c2007 |
||
| 300 | _a191 | ||
| 650 | _aNULL | ||
| 999 |
_c477447 _d477447 |
||